The Physics of fluids and plasma : (Record no. 6449)
[ view plain ]
| 000 -LEADER | |
|---|---|
| fixed length control field | 00615nam a22002052 4500 |
| 001 - CONTROL NUMBER | |
| control field | 0000003677 |
| 005 - DATE AND TIME OF LATEST TRANSACTION | |
| control field | 20151217151928.0 |
| 008 - FIXED-LENGTH DATA ELEMENTS--GENERAL INFORMATION | |
| fixed length control field | 070514s xx 000 0 eng d |
| 020 ## - INTERNATIONAL STANDARD BOOK NUMBER | |
| International Standard Book Number | 052155487X : |
| Terms of availability | KES 3,825 |
| 040 ## - CATALOGING SOURCE | |
| Original cataloging agency | KABU |
| Transcribing agency | KABU |
| 050 #0 - LIBRARY OF CONGRESS CALL NUMBER | |
| Classification number | QB466 |
| Item number | .F58C46 |
| 100 1# - MAIN ENTRY--PERSONAL NAME | |
| Personal name | Choudhuri, Aruab Rai. |
| -- | 0000153759 |
| 245 14 - TITLE STATEMENT | |
| Title | The Physics of fluids and plasma : |
| Remainder of title | an introduction for astrophysicists. |
| 260 ## - PUBLICATION, DISTRIBUTION, ETC. (IMPRINT) | |
| Place of publication, distribution, etc. | Cambridge : |
| Name of publisher, distributor, etc. | CUP, |
| Date of publication, distribution, etc. | 1998. |
| 300 ## - PHYSICAL DESCRIPTION | |
| Extent | xviii, 427 p. |
| 650 #0 - SUBJECT ADDED ENTRY--TOPICAL TERM | |
| Topical term or geographic name as entry element | Plasma astrophysics. |
| -- | 0000153760 |
| 908 ## - PUT COMMAND PARAMETER (RLIN) | |
| Put command parameter | 070514 |
| 950 ## - LOCAL HOLDINGS (RLIN) | |
| -- | 1 |
| Withdrawn status | Lost status | Source of classification or shelving scheme | Not for loan | Home library | Current library | Date acquired | Total Checkouts | Full call number | Barcode | Date last seen | Price effective from | Koha item type |
|---|---|---|---|---|---|---|---|---|---|---|---|---|
| Library of Congress Classification | Kabarak, Main Campus | Kabarak, Main Campus | 17/12/2015 | QB466 .F58C46 | 005333 | 17/12/2015 | 17/12/2015 | General Collection |